000 00706nam a2200217Ii 4500
003 JO-AjNU
008 230605s9999||||xx |||||||||||||| ||und||
017 _a2004/5/1249
040 _aJO-AjNU
_bara
_erda
_cJO-AjNU
041 _aara
050 1 4 _aPJ6051.Z9878 2005
100 3 _aتاليف الزيدي،كاصد ياسر,
_eauthor
_910870
245 0 0 _aفقة اللغة العربية
250 _aط1
264 3 1 _aعمان: دار الفرقان للنشر والتوزيع ،2004
300 _a534ص
336 _atext
_btxt
_2rdacontent
337 _aunmediated
_bn
_2rdamedia
338 _avolume
_bnc
_2rdacarrier
650 4 _aاللغة العربية-فقة اللغة العربية
_910871
999 _aA2030
_c5598
_d5598